Ποίησις και πεζογραφία της Επτανήσου

Αποθηκεύτηκε σε:
Λεπτομέρειες βιβλιογραφικής εγγραφής
Άλλοι συγγραφείς: Ζώρας, Γεώργιος Θ. (Επιμελητής έκδοσης)
Μορφή: Βιβλίο
Γλώσσα:Greek
Δημοσίευση: Αθήνα : Αετός, 1953.
Σειρά:Βασική βιβλιοθήκη (Αετός) ; 14
Θέματα:
Ετικέτες: Προσθήκη ετικέτας
Δεν υπάρχουν, Καταχωρήστε ετικέτα πρώτοι!

MARC

LEADER 00000cam a2200000 i 4500
001 1/53114
008 941103s1953 gr | ||| |||| ||gre||
035 |a 1994  |l 10044618 
040 |a GR-MY-UA  |b gre  |e aacr 
041 0 |a gre 
082 7 |a 888.0916   |2 (22) 
245 0 0 |a Ποίησις και πεζογραφία της Επτανήσου /   |c επιμέλεια: Γ.θ.Ζώρα.  
260 |a Αθήνα :   |b Αετός,   |c 1953. 
300 |a 397 σ. ;   |c 24 εκ. 
490 1 |a (Βασική βιβλιοθήκη / Αετός  |v  ; 14) 
650 0 0 |a Litterateurs  |z Greece. 
650 0 0 |a Greek literature  |x History and criticism. 
650 0 0 |a Greek literature. 
700 1 |a Ζώρας, Γεώργιος Θ.  |e edt 
830 0 |a Βασική βιβλιοθήκη (Αετός)  |v  ; 14 
852 |a INST  |b CHIOS  |e 19960911  |h 888.0916 ΠΟΙ  |p 005200011957  |q 005200011957  |t BK  |y 0 
852 |a INST  |b RHODES  |c AKA  |e 20040225  |h  888.0916 ΠΟΙ  |p 005400019625  |q 005400019625  |t BK  |y 0 
852 |a INST  |b SAMOS  |e 19941103  |h 888.0916 ΠΟΙ  |p 005300000650  |q 005300000650  |t BK  |y 0 
901 |a BIBL4-2004-1 
909 |a Σ  |b 027864 
909 |a Χ  |b 047190 
909 |a Ρ  |b 105159 
970 |a ΚΟΥΛΑΚΙΟΤΗ  |b ΛΙΤΣΑ  |z 2004/02/18